Biblioteca

The spirit wife at Endor (Registro nro. 54688)

Detalles MARC
000 -LÍDER
Campo fijo de descripción fija 002900000a22001090004500
100 1# - ASIENTO PRINCIPAL--NOMBRE PERSONAL
Nombre personal Angert Quiller, Theresa
245 10 - TÍTULO
Título del Material The spirit wife at Endor
300 ## - DESCRIPCIÓN FÍSICA
Extensión Núm 92 (2001), Páginas 55-72
700 1# - ASIENTO SECUNDARIO - NOMBRE PERSONAL
Nombre personal Wall, Lynne
773 0# - HOST ITEM ENTRY
Title Journal for the Study of the Old Testament
942 ## - TIPO DE MATERIAL (KOHA)
Tipo de Item KOHA Artículos de Revista
Existencias
Estado de Material Estado de Perdido Estado de Dañado No para Préstamo Colección Biblioteca de Origen Biblioteca Permanente Fecha de Adquisición Total de Préstamos Signatura Topográfica Última vez visto Fecha de Remplazo Tipo de Material
        Colección de Hemeroteca Biblioteca FUSBC Biblioteca FUSBC 26/01/2016   26/01/2016 26/01/2016 Artículos de Revista

Biblioteca FUSBC | Teléfono: (57+4) 349 88 10 Ext. 141| WhatsApp (+57) 3005338115 
E-mail: biblioteca@unisbc.edu.co | Calle 76 87-14 Robledo Palenque, Medellín, Colombia

Con tecnología Koha